[Event "World Cup"]
[Site "Reykjavik"]
[Date "1988.10.??"]
[Round "6"]
[White "Kasparov, Garry"]
[Black "Hjartarson, Johann"]
[Result "1-0"]
[WhiteElo "2760"]
[BlackElo "2610"]
[PlyCount "111"]
[EventDate "1988.10.??"]
[EventType "tourn"]
[EventRounds "17"]
[EventCountry "ISL"]
[EventCategory "15"]
[SourceTitle "CBM 010"]
[Source "ChessBase"]
[SourceDate "1989.06.01"]
[SourceVersion "1"]
[SourceVersionDate "1989.06.01"]
[SourceQuality "1"]

1. d4 {Ftacnik,Lubomir Salov,Valery} Nf6 2. c4 e6 3. Nc3 Bb4 4. Qc2 O-O 5. a3 Bxc3+ 6. Qxc3 b6 7. Bg5 Bb7 8. f3 d6 9. e4 c5 10. d5 Nbd7 11. Nh3 exd5 ({RR} 11... h6 12. Bf4 exd5 13. cxd5 Re8 14. O-O-O Ne5 15. g4 Bc8 16. Kb1 ({RR} 16. Rg1) ({RR} 16. Nf2) 16... Nxf3 17. Qxf3 Bxg4 18. Qb3 ({RR} 18. Qd3 Rxe4) 18... Bxd1 19. Qxd1 Nxe4 ({RR} 19... Rxe4 20. Bg2 Re8) 20. Bb5 Qf6 21. Bxe8 Rxe8 22. Qg4 Qg6 23. Qxg6 fxg6 24. Rd1 ({RR} 24. Bg3 g5 25. Nf2) 24... g5 25. Bd2 Rf8 26. Bc1 {Hjartarson,J (2555)-Timman,J (2635) Belgrade 1989 CBM 016 [Ftacnik,Lubomir] ½-½ (37)}) 12. cxd5 a6 ({RR} 12... Re8 13. Be2 ({RR} 13. Bb5 Nxd5 14. Qd2 Qc8 ({RR} 14... f6 15. Bc4 Kh8 16. Bxd5 Bxd5 17. Qxd5 fxg5 18. Nxg5 Ne5 19. f4) 15. O-O-O Nc7 {RR} 16. Bxd7 Qxd7 17. Qxd6 Qxd6 18. Rxd6 Nb5) ({RR} 13. O-O-O c4 14. Kb1 b5 15. g4 a5 16. Bf4 Ne5 17. Be2 Ba6 18. g5 Nfd7 19. Bd2 Nc5 20. Nf2 b4) ({RR} 13. Bd3 Bxd5) 13... h6 14. Bf4 ({RR} 14. Be3 Bxd5) ({RR} 14. Bh4 Nxe4) ({RR} 14. Bd2 Qe7) 14... Qe7 15. Qd2 Nh5 ({RR} 15... Nxe4 16. fxe4 Qxe4 17. Kf2 g5 18. Bg3) 16. O-O ({RR} 16. Be3 f5) 16... f5 17. Bb5 ({RR} 17. Bd3 fxe4 18. Bxe4 Nxf4 19. Nxf4 Qg5 20. Rf2 Nf6) ({RR} 17. Rae1 g5 18. Be3 f4 19. Bf2 Ne5) 17... fxe4 18. fxe4 ({RR} 18. Rae1 Nxf4 19. Nxf4 e3 20. Qd3 a6 21. Bxd7 Qxd7 22. Rxe3 Rxe3 23. Qxe3 Re8 24. Qd2 Qf7) 18... a6 ({RR} 18... Rf8 19. Bc6 Rab8) 19. Bc6 ({RR} 19. Bxd7 Qxd7 20. Bxh6 Rxe4 ({RR} 20... Nf6) 21. Qg5 Re5 22. Qg6 Qe8) 19... Bxc6 20. dxc6 Ne5 21. Rad1 Rac8 ({RR} 21... Nxf4 22. Nxf4 Rac8 23. Nd5 Qe6 24. c7) 22. Bxe5 ({RR} 22. Qxd6 Qxd6 23. Rxd6 Nc4 {RR} 24. Rd7 Rxc6) ({RR} 22. Bxh6 gxh6 23. Qxh6 Qh7) ({RR} 22. Qe2) 22... dxe5 ({RR} 22... Qxe5 23. Rf5) 23. Qe2 ({RR} 23. Qd6 Nf6 24. Nf2 Qc7 25. Qxc7 Rxc7 26. Rd6 Rec8) 23... Nf6 24. Qxa6 Rxc6 25. Qb5 ({RR} 25. Nf2) ({RR} 25. Qc4+ Kh7 26. Nf2 Rd8 27. Rxd8 Qxd8 28. Rd1 Rd6 29. Rxd6 Qxd6) 25... Qe6 26. Nf2 Ra8 27. Rd2 {Salov,V (2685)-Granda Zuniga,J (2605) Amsterdam 1995 CBM 049 [Salov,Valery] ½-½ (45)} ({RR} 27. Rfe1)) ({RR} 12... h6 13. Bf4 Re8 ({RR} 13... Qe7 14. O-O-O a6 15. g4 Nh7 16. Rg1) 14. O-O-O Ne5 15. Nf2 ({RR} 15. g4 Bc8 16. Kb1 ({RR} 16. Nf2) 16... Nxf3 17. Qxf3 Bxg4)) ({RR} 12... Re8 13. O-O-O c4 14. Kb1 b5 15. Nf2 a5 16. a4 Ba6 17. axb5 Bxb5 18. Qa3 Qc7 19. Rc1 Rab8 20. Nd1 Ba6 21. Bd2 Nc5 22. Bxc4 Bxc4 23. Rxc4 Qd7 24. Rc3 a4 25. Be3 Nxd5 26. exd5 Qf5+ 27. Rc2 {Zentai,P (2263)-Taylor,A (2398) Budapest 2019 0-1 (42)}) 13. Bd3 h6 $146 ({RR} 13... Re8 14. O-O h6 15. Bd2 b5 16. Qa5 c4 17. Bc2 Nc5 18. Qxd8 Raxd8 19. Rfe1 Nfd7 20. Rad1 Ne5 21. Nf2 g5 22. h3 Kg7 23. Ba5 Rd7 24. Ng4 f6 25. Re3 h5 26. Nxe5 fxe5 27. Rc1 Rf8 28. b3 {Arlandi,E (2435)-Vezzosi,P (2325) Reggio Emilia 1992 1-0 (56)}) ({RR} 13... Qe7 14. O-O) 14. Bf4 Qe7 15. O-O b5 16. Rfe1 Ne5 17. Bf1 Bc8 18. Nf2 Ng6 19. Bd2 Bd7 20. b4 Rfc8 21. f4 cxb4 22. Qxb4 Rc2 23. Rec1 Rxc1 24. Rxc1 Ne8 25. Re1 Rc8 26. Bd3 Qf6 27. g3 h5 28. Be3 h4 29. Bd4 Qd8 30. Qd2 Nf6 31. Be2 Qe7 32. Bf3 Ne8 33. Re3 Qd8 34. Bd1 hxg3 35. hxg3 Nf8 36. Bb3 Ng6 37. e5 dxe5 38. fxe5 Qg5 39. Ne4 Qh5 40. e6 fxe6 41. Nc5 e5 42. d6+ Kh7 43. Nxd7 exd4 44. Re2 Rc3 45. Qe1 Nh4 46. Nf8+ Kh8 47. Ng6+ Qxg6 48. Rxe8+ Kh7 49. Bg8+ Kh6 50. Qd2+ Kh5 51. Re5+ Nf5 52. Qe2+ Kg5 53. d7 Qd6 54. Qe4 Rxg3+ 55. Kf2 g6 56. Rd5 1-0

[Event "Niksic International"]
[Site "Niksic"]
[Date "1983.08.30"]
[Round "6"]
[White "Kasparov, Garry"]
[Black "Ivanovic, Bozidar"]
[Result "1-0"]
[WhiteElo "2690"]
[BlackElo "2480"]
[PlyCount "51"]
[EventDate "1983.08.24"]
[EventType "tourn"]
[EventRounds "15"]
[EventCountry "YUG"]
[EventCategory "14"]
[SourceTitle "MCD"]
[Source "ChessBase"]
[SourceDate "1999.07.01"]
[SourceVersion "1"]
[SourceVersionDate "1999.07.01"]
[SourceQuality "1"]

1. d4 Nf6 2. c4 e6 3. Nc3 Bb4 4. e3 c5 5. a3 Bxc3+ 6. bxc3 O-O 7. Bd3 d5 8. cxd5 exd5 9. Ne2 b6 10. f3 Re8 11. O-O Ba6 12. Ng3 Bxd3 13. Qxd3 Nc6 14. Bb2 c4 15. Qd2 Qd7 ({RR} 15... h5 16. Rae1 h4 17. Nf5 Ne7 18. Nxe7+ Rxe7 19. Qf2 h3 20. g4 Qe8 21. Kh1 b5 22. Rg1 a5 23. Rg3 Nh7 24. Rxh3 Ng5 25. Rh5 f6 26. h4 Nf7 27. Rxd5 b4 28. e4 Rb8 29. Rc5 bxa3 30. Bxa3 {Caruana,F (2796)-Sarana,A (2717) chess.com INT 2024 1-0 (37)}) ({RR} 15... Na5 16. Qf2 Nb3 17. Rae1 b5 18. e4 a5 19. e5 Nd7 20. f4 b4 21. f5 bxc3 22. Bxc3 Nf8 23. Qf4 Ra7 24. Nh5 f6 25. exf6 Rxe1 26. Rxe1 gxf6 27. Re8 Qxe8 28. Nxf6+ Kf7 29. Nxe8 Re7 30. Nd6+ {Fernandez Estremera,F (2127)-Yevchenko,A (2276) chess.com INT 2025 1-0 (33)}) 16. Rae1 h5 17. e4 g6 $146 ({RR} 17... h4 18. Nf5 g6 19. Qh6 gxf5 20. Qxf6 Re6 21. Qxf5 Ne7 22. Qg4+ Ng6 23. f4 Rae8 24. e5 Rxe5 25. Qxd7 Rxe1 26. Bc1 R8e2 27. f5 h3 28. gxh3 Nh4 29. Qd8+ {1-0 (29) Drimer,D-Urseanu,V Romania 1961}) 18. Bc1 Nh7 19. Qh6 Re6 20. f4 Ne7 21. f5 gxf5 22. Qxh5 dxe4 23. Nxf5 Nxf5 24. Rxf5 Rae8 25. Re3 Rg6 26. Rh3 1-0

[Event "World-ch31-KK2 Kasparov-Karpov +5-3=16"]
[Site "Moscow"]
[Date "1985.10.24"]
[Round "19"]
[White "Kasparov, Garry"]
[Black "Karpov, Anatoly"]
[Result "1-0"]
[WhiteElo "2700"]
[BlackElo "2720"]
[PlyCount "83"]
[EventDate "1985.09.03"]
[EventType "match"]
[EventRounds "24"]
[EventCountry "URS"]
[SourceTitle "MainBase"]
[Source "ChessBase"]
[SourceDate "1999.07.01"]
[SourceVersion "2"]
[SourceVersionDate "1999.07.01"]
[SourceQuality "1"]

1. d4 Nf6 2. c4 e6 3. Nc3 Bb4 4. Nf3 Ne4 5. Qc2 f5 6. g3 Nc6 7. Bg2 O-O 8. O-O Bxc3 9. bxc3 Na5 10. c5 d6 11. c4 b6 $146 ({RR} 11... dxc5 12. Ba3 Nc6 13. Rad1 e5 14. Nxe5 Nxd4 15. Qb2 Qf6 16. Bxe4 fxe4 17. Bxc5 Qxe5 18. Bxd4 Qe7 19. Rd2 Bh3 20. Qxb7 e3 21. Rd3 Bxf1 22. Qd5+ Qf7 23. Kxf1 exf2 24. Bxf2 Rab8 25. Rd2 c6 26. Qxf7+ {Moiseenko,A (2597)-Sulskis,S (2567) Kharkov 2003 0-1 (53)}) 12. Bd2 Nxd2 13. Nxd2 d5 14. cxd5 exd5 15. e3 Be6 16. Qc3 Rf7 17. Rfc1 Rb8 18. Rab1 Re7 19. a4 Bf7 20. Bf1 h6 21. Bd3 Qd7 22. Qc2 Be6 23. Bb5 Qd8 24. Rd1 g5 25. Nf3 Rg7 26. Ne5 f4 27. Bf1 Qf6 28. Bg2 Rd8 29. e4 dxe4 30. Bxe4 Re7 31. Qc3 Bd5 32. Re1 Kg7 33. Ng4 Qf7 34. Bxd5 Rxd5 35. Rxe7 Qxe7 36. Re1 Qd8 37. Ne5 Qf6 38. cxb6 Qxb6 39. gxf4 Rxd4 40. Nf3 Nb3 41. Rb1 Qf6 42. Qxc7+ 1-0

[Event "World-ch31-KK2 Kasparov-Karpov +5-3=16"]
[Site "Moscow"]
[Date "1985.10.08"]
[Round "13"]
[White "Kasparov, Garry"]
[Black "Karpov, Anatoly"]
[Result "1/2-1/2"]
[WhiteElo "2700"]
[BlackElo "2720"]
[PlyCount "48"]
[EventDate "1985.09.03"]
[EventType "match"]
[EventRounds "24"]
[EventCountry "URS"]
[SourceTitle "MainBase"]
[Source "ChessBase"]
[SourceDate "1999.07.01"]
[SourceVersion "2"]
[SourceVersionDate "1999.07.01"]
[SourceQuality "1"]

1. d4 Nf6 2. c4 e6 3. Nc3 Bb4 4. Nf3 c5 5. g3 Nc6 6. Bg2 Ne4 7. Bd2 Bxc3 8. bxc3 O-O 9. O-O f5 10. Be3 Nxc3 11. Qd3 cxd4 12. Nxd4 Ne4 $146 ({RR} 12... Nxd4 13. Bxd4 Ne4 14. f3 Nf6 15. e4 d6 16. Rad1 fxe4 17. fxe4 e5 18. Bxe5 Bg4 19. Bxd6 Bxd1 20. Qxd1 Re8 21. e5 Nd7 22. Qd5+ Kh8 23. Qxb7 Rc8 24. Bh3 Nb6 25. c5 Qg5 26. cxb6 Qe3+ 27. Kh1 {Cordes,H (2310)-Wegner,H (2210) Hamburg 1985 1-0}) 13. c5 Nxd4 14. Bxd4 b6 15. Bxe4 fxe4 16. Qxe4 Ba6 17. cxb6 axb6 18. Qe5 Qf6 19. Qe3 Qh6 20. Qxh6 gxh6 21. Rfe1 Bc4 22. a3 b5 23. Rad1 Rf5 24. Bb2 Rd5 1/2-1/2

[Event "World-ch31-KK2 Kasparov-Karpov +5-3=16"]
[Site "Moscow"]
[Date "1985.09.21"]
[Round "7"]
[White "Kasparov, Garry"]
[Black "Karpov, Anatoly"]
[Result "1/2-1/2"]
[WhiteElo "2700"]
[BlackElo "2720"]
[PlyCount "62"]
[EventDate "1985.09.03"]
[EventType "match"]
[EventRounds "24"]
[EventCountry "URS"]
[SourceTitle "MainBase"]
[Source "ChessBase"]
[SourceDate "1999.07.01"]
[SourceVersion "2"]
[SourceVersionDate "1999.07.01"]
[SourceQuality "1"]

1. d4 Nf6 2. c4 e6 3. Nc3 Bb4 4. Nf3 O-O 5. Bg5 d6 6. e3 Nbd7 7. Qc2 b6 8. Bd3 Bxc3+ ({RR} 8... h6 9. h4 Bb7 10. O-O-O Bxc3 11. bxc3 c5 12. d5 exd5 13. cxd5 b5 14. g4 Qa5 15. Bxf6 Nxf6 16. g5 Nxd5 17. Be4 Nb4 18. cxb4 Qa3+ 19. Qb2 Qxb2+ 20. Kxb2 Bxe4 21. Rh3 Rfd8 22. gxh6 gxh6 23. Nd2 {Petkov,V (2534)-Guliev,L (2400) Cesme 2015 ½-½ (45)}) ({RR} 8... Bb7 9. Bxh7+ Kh8 10. Bd3 e5 11. d5 Nc5 12. Nd2 Bxc3 13. Qxc3 Nxd5 14. cxd5 Qxg5 15. e4 Qxg2 16. O-O-O Qxf2 17. Bc2 Bc8 18. Rhg1 Qh4 19. Rdf1 g6 20. Kb1 Kg7 21. Nf3 Qh6 22. b4 Nd7 23. Qxc7 {Kovalchuk,A (2304)-Lissillour,B (2318) chess.com INT 2025 1-0 (36)}) 9. bxc3 $146 ({RR} 9. Qxc3 Bb7 10. O-O h6 11. Bh4 Qe7 12. Nd2 g5 13. Bg3 Nh5 14. e4 e5 15. f3 Nxg3 16. hxg3 exd4 17. Qxd4 Qe5 18. Qxe5 dxe5 19. Rfd1 Rad8 20. Nf1 Nc5 21. Be2 Bc8 22. Kf2 Be6 23. Ne3 c6 {Van Scheltinga,T-O'Kelly de Galway,A Hilversum 1947 ½-½ (45)}) 9... h6 10. Bh4 Bb7 11. Nd2 g5 12. Bg3 Nh5 13. Qd1 Ng7 14. h4 f5 15. hxg5 hxg5 16. f3 Qe7 17. Qb3 Kf7 18. O-O-O Rh8 19. c5 dxc5 20. Nc4 cxd4 21. cxd4 f4 22. Bf2 Nh5 23. Bc2 fxe3 24. Bxe3 Bd5 25. Qd3 Rag8 26. Ne5+ Nxe5 27. dxe5 Nf4 28. Bxf4 gxf4 29. Rxh8 Rxh8 30. Qg6+ Kf8 31. Rxd5 exd5 1/2-1/2

[Event "World-ch31-KK2 Kasparov-Karpov +5-3=16"]
[Site "Moscow"]
[Date "1985.09.03"]
[Round "1"]
[White "Kasparov, Garry"]
[Black "Karpov, Anatoly"]
[Result "1-0"]
[WhiteElo "2700"]
[BlackElo "2720"]
[PlyCount "83"]
[EventDate "1985.09.03"]
[EventType "match"]
[EventRounds "24"]
[EventCountry "URS"]
[SourceTitle "MainBase"]
[Source "ChessBase"]
[SourceDate "1999.07.01"]
[SourceVersion "2"]
[SourceVersionDate "1999.07.01"]
[SourceQuality "1"]

1. d4 Nf6 2. c4 e6 3. Nc3 Bb4 4. Nf3 c5 5. g3 Ne4 6. Qd3 Qa5 7. Qxe4 Bxc3+ 8. Bd2 Bxd2+ 9. Nxd2 Qb6 10. dxc5 Qxb2 11. Rb1 Qc3 12. Qd3 Qxd3 13. exd3 Na6 ({RR} 13... Nc6 14. Bg2 b6 15. Ne4 bxc5 16. Nxc5 Kd8 17. Bxc6 dxc6 18. f4 Re8 19. d4 Kc7 20. Kd2 Rb8 21. Rb3 Rb6 22. Ra3 Kb8 23. Kc3 Rd8 24. Re1 h6 25. f5 Rf8 26. Re3 Rb1 27. fxe6 Rc1+ 28. Kb2 {Sargsyan,S (2660)-Murzin,V (2657) Tashkent UZB 2025 1-0 (32)}) 14. d4 $146 ({RR} 14. Ne4 Ke7 15. d4 b6 {½-½ (15) Pedersen,N (2300)-Cvek,R (2390) Plzen 1997}) ({RR} 14. Ne4 Ke7 15. d4 Rb8 16. Bg2 b6 17. Kd2 bxc5 18. Nxc5 d6 19. Rxb8 Nxb8 20. Rb1 dxc5 21. Rxb8 cxd4 22. c5 Kd7 23. Ra8 e5 24. Bd5 Rf8 25. Rxa7+ Kd8 26. a4 f5 27. a5 Rf6 28. Rxg7 Ra6 {Abdusattorov,N (2634)-Ibrahimli,M (2436) Chess.com INT 2021 ½-½ (50)}) 14... Rb8 15. Bg2 Ke7 16. Ke2 Rd8 17. Ne4 b6 18. Nd6 Nc7 19. Rb4 Ne8 20. Nxe8 Kxe8 21. Rhb1 Ba6 22. Ke3 d5 23. cxd6 Rbc8 24. Kd3 Rxd6 25. Ra4 b5 26. cxb5 Rb8 27. Rab4 Bb7 28. Bxb7 Rxb7 29. a4 Ke7 30. h4 h6 31. f3 Rd5 32. Rc1 Rbd7 33. a5 g5 34. hxg5 Rxg5 35. g4 h5 36. b6 axb6 37. axb6 Rb7 38. Rc5 f5 39. gxh5 Rxh5 40. Kc4 Rh8 41. Kb5 Ra8 42. Rbc4 1-0

[Event "World-ch32-KK3 Kasparov-Karpov +5-4=15"]
[Site "London/Leningrad"]
[Date "1986.07.30"]
[Round "2"]
[White "Kasparov, Garry"]
[Black "Karpov, Anatoly"]
[Result "1/2-1/2"]
[WhiteElo "2740"]
[BlackElo "2705"]
[PlyCount "104"]
[EventDate "1986.07.28"]
[EventType "match"]
[EventRounds "24"]
[EventCountry "URS"]
[SourceTitle "MainBase"]
[Source "ChessBase"]
[SourceDate "1999.07.01"]
[SourceVersion "2"]
[SourceVersionDate "1999.07.01"]
[SourceQuality "1"]

1. d4 Nf6 2. c4 e6 3. Nc3 Bb4 4. Nf3 c5 5. g3 Nc6 6. Bg2 d5 7. cxd5 Nxd5 8. Bd2 cxd4 9. Nxd4 Nxd4 10. Nxd5 Bxd2+ 11. Qxd2 Nc6 12. Nf4 Qxd2+ 13. Kxd2 Bd7 14. Rhc1 Ke7 15. Nd3 Rhc8 16. Nc5 Rab8 17. Rc3 Nd8 18. Rac1 $146 ({RR} 18. Nxd7 Kxd7 19. Rac1 Rxc3 20. Rxc3 Rc8 21. Ra3 a6 22. Rd3+ Ke7 23. Rb3 Rc7 24. Rb4 h6 25. f4 Kd6 26. Rd4+ Ke7 27. Rb4 Kd6 28. Ke3 Nc6 29. Rc4 Na7 30. Rd4+ Ke7 31. Rb4 Nb5 {½-½ (31) Giorgadze,T (2505)-Garcia Gonzales,G (2495) Pontevedra 1986}) 18... Bc6 19. Nd3 Bd7 20. Ne5 Rxc3 21. Rxc3 Be8 22. b4 a6 23. Be4 h6 24. a3 f6 25. Nd3 Bc6 26. Bxc6 Nxc6 27. Nc5 Ne5 28. f4 Nd7 29. Nb3 Kd6 30. e4 g5 31. Ke3 e5 32. fxg5 fxg5 33. Na5 g4 34. Rc2 h5 35. Rc1 b6 36. Rc6+ Ke7 37. Nc4 Rf8 38. Ke2 Rf3 39. Ne3 Nf6 40. Rxb6 Nxe4 41. Rxa6 Rf2+ 42. Kd3 Nd6 43. Ra7+ Ke6 44. Rh7 e4+ 45. Kc3 Nb5+ 46. Kc4 Nxa3+ 47. Kd4 Rxh2 48. Rh6+ Kd7 49. Nd5 h4 50. Rxh4 Rxh4 51. gxh4 g3 52. Nf4 Nc2+ 1/2-1/2